| 000 | 01571nam a22003494a 4500 | ||
|---|---|---|---|
| 001 | ebr10062878 | ||
| 003 | CaPaEBR | ||
| 006 | m u | ||
| 007 | cr cn||||||||| | ||
| 008 | 000313s1999 dcu sb 000 0 eng | ||
| 010 | _z 00500810 | ||
| 020 | _z0309066409 | ||
| 040 |
_aCaPaEBR _cCaPaEBR |
||
| 035 | _a(OCoLC)666925356 | ||
| 050 | 1 | 4 |
_aRA412.2 _b.D445 1999eb |
| 082 | 0 | 4 |
_a362.1 _221 |
| 245 | 0 | 0 |
_aDefinition of serious and complex medical conditions _h[electronic resource] / _cCarole A. Chrvala and Steven Sharfstein, editors ; Committee on Serious and Complex Medical Conditions, Division of Health Care Services, Institute of Medicine. |
| 246 | 3 | 0 | _aSerious and complex medical conditions |
| 260 |
_aWashington, DC : _bNational Academy Press, _cc1999. |
||
| 300 | _avi, 116 p. | ||
| 500 | _aBased on a workshop convened on June 14, 1999. | ||
| 504 | _aIncludes bibliographical references (p. 55-63). | ||
| 533 |
_aElectronic reproduction. _bPalo Alto, Calif. : _cebrary, _d2013. _nAvailable via World Wide Web. _nAccess may be limited to ebrary affiliated libraries. |
||
| 650 | 0 |
_aHealth insurance _zUnited States. |
|
| 650 | 0 |
_aCritically ill _xMedical care _zUnited States. |
|
| 650 | 0 |
_aCatastrophic health insurance _zUnited States. |
|
| 655 | 7 |
_aElectronic books. _2local |
|
| 700 | 1 | _aChrvala, Carole A. | |
| 700 | 1 |
_aSharfstein, Steven S. _q(Steven Samuel), _d1942- |
|
| 710 | 2 | _aebrary, Inc. | |
| 856 | 4 | 0 |
_uhttp://site.ebrary.com/lib/rucke/Doc?id=10062878 _zAn electronic book accessible through the World Wide Web; click to view |
| 999 |
_c157707 _d157707 |
||